000 00547nam a2200181Ia 4500
005 20250326124247.0
008 250326s9999 xx 000 0 und d
037 _aTextbook
040 _aFMSL
_beng
_cFMSL
041 _aeng
_2eng
084 _aX:545.44 L0
_qFMSL
100 _aN C A E R
245 0 _aIndia's export potential in selected countries
_cN C A E R
260 _aNew Delhi
_bNew Delhi, National council Of Applied Economic Research
_c1970
300 _a322p
942 _cTB
_hX:545.44 L0
999 _c1272989
_d1272989